|
|
|
|
| LEADER |
00802nab a2200241 i 4500 |
| 001 |
misc63785 |
| 005 |
20230131151750.0 |
| 008 |
221115s1970 hu o 0|| fre d |
| 022 |
|
|
|a 0324-1653
|
| 040 |
|
|
|a SZTE Miscellanea Repozitórium
|b hun
|
| 041 |
|
|
|a fre
|
| 100 |
1 |
|
|a Mollova Mefküre
|
| 245 |
1 |
0 |
|a Traits de fusion dans le dialecte turc du Rhodope de l'Est
|h [elektronikus dokumentum] /
|c Mollova Mefküre
|
| 260 |
|
|
|c 1970
|
| 300 |
|
|
|a 57-81
|c 24 cm
|
| 300 |
|
|
|a [25] p.
|c 24 cm
|
| 490 |
0 |
|
|a Balkansko Ezikoznanie = Linguistique Balkanique
|
| 561 |
|
|
|a Németh Gyula hagyaték
|
| 591 |
|
|
|a NOA 3799
|
| 650 |
|
4 |
|a Bölcsészettudományok
|
| 650 |
|
4 |
|a Nyelvek és irodalom
|
| 695 |
|
|
|a Török nyelvjárás
|
| 856 |
4 |
0 |
|u http://misc.bibl.u-szeged.hu/63785/1/3799_noa_m76.pdf
|z Dokumentum-elérés
|